00288nam a2200133Ia 4500008004100000022001300041041000800054082001100062100001300073245001500086260002900101300001800130440000600148240112s1986 xx 000 0 und d a00995355 aeng a616.05 aOLD J.M. aTHE LANCET bLITTLE BROWN & CO.c1986 a1474,HBc8510 v2